000 00643nam a22001937a 4500
003 DO-SdBNP
005 20221018141257.0
007 ta
008 110301s2017 dr 000 0 spa d
040 _aDO-SdBNP
_bspa
_cBNPHU
082 4 _axxxx
_bxxx
100 _aSánchez Roa, Adriano,
_98541
_d1956-
245 1 0 _aProyecto de ley general del sector agropecuario y el desarrollo rural :
_biniciativa legislativa elaborada y sometida al senado /
_cAdriano Sánchez Roa
260 _aSanto Domingo :
_bSenado de la República,
_c2017.
300 _a44 p. :
_c28 cm.
590 _aInventariado, 2022/ YL
910 _aYLockward
942 _2ddc
_cLF2
999 _c52565
_d52565